Sports Quiz

Random Sports or Basketball Quiz
Score 0/84 Timer 06:00
6 Plays Today
Year Player % Correct
1992Michael Jordan
97.5%
2004LeBron James
95.5%
2008LeBron James
95.5%
2016DeAndre Jordan
94.9%
2012LeBron James
94.8%
1992Magic Johnson
89.4%
2008Kobe Bryant
88.9%
2012Kobe Bryant
87.3%
1992Larry Bird
85.8%
1996Shaquille O'Neal
82.7%
2004Dwyane Wade
82.4%
2008Dwyane Wade
82.4%
1992Scottie Pippen
79.5%
1996Scottie Pippen
79.5%
2012Carmelo Anthony
78.9%
2012Kevin Durant
77.8%
2016Kevin Durant
77%
1992Karl Malone
76.8%
1996Karl Malone
76.8%
2016Carmelo Anthony
76.7%
1992John Stockton
75.3%
1996John Stockton
75.3%
1992Charles Barkley
74.3%
1996Charles Barkley
74.3%
2004Carmelo Anthony
73.9%
2008Carmelo Anthony
73.9%
2008Chris Paul
70.2%
1992David Robinson
70.1%
Year Player % Correct
1996David Robinson
70.1%
2012Chris Paul
69.8%
2008Chris Bosh
69.5%
1992Patrick Ewing
69.3%
2004Tim Duncan
68.5%
2004Allen Iverson
65.1%
2008Dwight Howard
64.5%
2000Kevin Garnett
64.4%
2000Jason Kidd
64.3%
2008Jason Kidd
64.3%
2012Russell Westbrook
63.9%
2016Klay Thompson
62.3%
2008Deron Williams
57.9%
2012Anthony Davis
57.6%
2012Deron Williams
56.3%
2016Kyrie Irving
56.1%
1992Clyde Drexler
55.9%
2000Ray Allen
54.9%
2000Vince Carter
54.2%
1992Christian Laettner
53.7%
2012James Harden
52.7%
1992Chris Mullin
52.1%
2016Draymond Green
51.2%
1996Reggie Miller
49.3%
2012Kevin Love
47%
1996Hakeem Olajuwon
44.8%
2016DeMarcus Cousins
44.8%
2016Paul George
43.9%
Year Player % Correct
1996Penny Hardaway
42.1%
2000Tim Hardaway
42.1%
1996Gary Payton
42%
2000Gary Payton
42%
2008Michael Redd
41.7%
2016DeMar DeRozan
40.4%
2012Tyson Chandler
40.4%
2000Steve Smith
38.7%
2016Kyle Lowry
38.4%
2004Carlos Boozer
38.2%
2008Carlos Boozer
38.2%
2004Amar'e Stoudemire
37.3%
2008Tayshaun Prince
34.8%
2016Jimmy Butler
33.3%
1996Grant Hill
31.6%
2000Alonzo Mourning
30.8%
2004Stephon Marbury
30.8%
2012Andre Iguodala
29.4%
2004Lamar Odom
24.4%
2016Harrison Barnes
23.5%
2000Allan Houston
21.6%
2004Shawn Marion
21.1%
2004Richard Jefferson
20.7%
1996Mitch Richmond
18.8%
2000Vin Baker
13.7%
2004Emeka Okafor
12.2%
2000Shareef Abdur-Rahim
10.4%
2000Antonio McDyess
9.7%
Remove Ads.
Support Sporcle.
Get the best of Sporcle when you Go Orange. This ad-free experience offers more features, more stats, and more fun while also helping to support Sporcle. Thank you for becoming a member.

You're not logged in!

Compare scores with friends on all Sporcle quizzes.
OR
Log In

Show Comments

Extras

Top Quizzes Today


Score Distribution

Your Account Isn't Verified!

In order to create a playlist on Sporcle, you need to verify the email address you used during registration. Go to your Sporcle Settings to finish the process.

Report this User

Report this user for behavior that violates our Community Guidelines.

Details: